Reunion and resurgence (Record no. 71500)

MARC details
000 -LEADER
fixed length control field 01253cam a2200253 4500
001 - CONTROL NUMBER
control field ABS66065
008 - FIXED-LENGTH DATA ELEMENTS--GENERAL INFORMATION
fixed length control field 021101n2002 000 0 eng u
035 ## - SYSTEM CONTROL NUMBER
System control number (Sirsi) u120341
100 ## - MAIN ENTRY--PERSONAL NAME
Personal name Smith, R
245 ## - TITLE STATEMENT
Title Reunion and resurgence
260 ## - PUBLICATION, DISTRIBUTION, ETC.
Date of publication, distribution, etc. 2002
490 ## - SERIES STATEMENT
Series statement Regeneration and Renewal
Volume/sequential designation 27 September 2002, 19-21(2)
520 ## - SUMMARY, ETC.
Summary, etc. Discusses the factors behind Berlin's urban policy and how the UK can learn from its success. Since Berlin reunified in 1989 there has been a great volume of new building, with diversity in architectural style encouraged by architectural competitions. Highlights the redevelopment of the Potsdamer Platz and the Sony Centres as particularly successful urban regeneration projects. Also shows how Berlin is dedicated to tackling social exclusion as demonstrated by Europe's largest housing estate, the Marzahn. Concludes that a key message from Berlin is to treat regeneration and renewal as a fundamental part of the political life of the city.
590 ## - LOCAL NOTE (RLIN)
Local note ABS
650 ## - SUBJECT ADDED ENTRY--TOPICAL TERM
Topical term or geographic name entry element BERLIN
650 ## - SUBJECT ADDED ENTRY--TOPICAL TERM
Topical term or geographic name entry element URBAN POLICY
650 ## - SUBJECT ADDED ENTRY--TOPICAL TERM
Topical term or geographic name entry element GERMANY
650 ## - SUBJECT ADDED ENTRY--TOPICAL TERM
Topical term or geographic name entry element URBAN REGENERATION
650 ## - SUBJECT ADDED ENTRY--TOPICAL TERM
Topical term or geographic name entry element RENEWAL
650 ## - SUBJECT ADDED ENTRY--TOPICAL TERM
Topical term or geographic name entry element REDEVELOPMENT
650 ## - SUBJECT ADDED ENTRY--TOPICAL TERM
Topical term or geographic name entry element SOCIAL HOUSING
690 ## - LOCAL SUBJECT ADDED ENTRY--TOPICAL TERM (OCLC, RLIN)
Topical term or geographic name as entry element INTERNATIONAL-EUROPE
942 ## - ADDED ENTRY ELEMENTS (KOHA)
Suppress in OPAC 0
Holdings
Withdrawn status Lost status Source of classification or shelving scheme Damaged status Not for loan Home library Current library Shelving location Date acquired Total Checkouts Full call number Barcode Date last seen Copy number Price effective from Koha item type
    Dewey Decimal Classification     London London Journal article 06/11/2002   ABS66065 120341-1001 06/08/2019 1 06/08/2019 Journal article